Wszystkie skiny do P90 w CS:GO - Statystyki

Ogólne statystyki
  • Ten quiz został rozwiązany 14 razy
  • Średni wynik to 6 z 35
Statystyki odpowiedzi
Rodzaj (kolor) Skin % Poprawnych
Czerwony Asiimov
100%
Czerwony Death by Kitty
33%
Niebieski Elite Build
33%
Różowy Emerald Dragon
22%
Niebieski Grim
22%
Różowy Nostalgia
22%
Różowy Run and Hide
22%
Różowy Shallow Grave
22%
Różowy Trigon
22%
Niebieski Ancient Earth
11%
Niebieski Ash Wood
11%
Fioletowy Astral Jörmungandr
11%
Niebieski Baroque Red
11%
Fioletowy Blind Spot
11%
Fioletowy Chopper
11%
Niebieski Cocoa Rampage
11%
Różowy Cold Blooded
11%
Fioletowy Death Grip
11%
Niebieski Desert Warfare
11%
Niebieski Facility Negative
11%
Niebieski Fallout Warning
11%
Niebieski Freight
11%
Niebieski Glacier Mesh
11%
Niebieski Leather
11%
Niebieski Module
11%
Niebieski Off World
11%
Niebieski Sand Spray
11%
Niebieski Scorched
11%
Różowy Shapewood
11%
Niebieski Storm
11%
Niebieski Sunset Lily
11%
Niebieski Teardown
11%
Niebieski Tiger Pit
11%
Niebieski Traction
11%
Fioletowy Virus
11%
Nie znaleziono quizów pasujących do podanych kryteriów
Rozkład punktacji
Procent ludzi z każdym wynikiem
Percentyl według liczby udzielonych odpowiedzi
Twoja historia wyników
Nie rozwiązałeś tego quizu